[Event "Bad Wiessee Senioren Cup 8th"]
[Site "Bad Wiessee"]
[Date "2019.05.18"]
[Round "8"]
[White "Reinhardt, Joachim"]
[Black "Marschall, Josef"]
[Result "1/2-1/2"]
[WhiteElo "1874"]
[BlackElo "2042"]
[PlyCount "44"]
[EventDate "2019.05.11"]
[EventType "swiss"]
[EventRounds "9"]
[EventCountry "GER"]
[SourceTitle "EXT 2020"]
[Source "ChessBase"]
[SourceDate "2019.10.17"]
[SourceVersion "1"]
[SourceVersionDate "2019.10.17"]
[SourceQuality "1"]

1. e4 c5 2. Nf3 d6 3. d4 cxd4 4. Nxd4 Nf6 5. Nc3 a6 6. g3 e6 7. Bg2 Be7 8. 0-0 0-0 9. h3 Qc7 10. Be3 Nbd7 11. Qd2 Rb8 12. a4 b6 13. Nb3 Bb7 14. f4 Rfd8 15. Rad1 Rbc8 16. Qf2 Nc5 17. Nxc5 dxc5 18. g4 Rxd1 19. Rxd1 Rd8 20. Rxd8+ Qxd8 21. g5 Ne8 22. e5 Qa8 1/2-1/2

[Event "Oberliga Bayern 0405"]
[Site "Bayern"]
[Date "2005.01.30"]
[Round "6.8"]
[White "Wimmer, Herbert"]
[Black "Marschall, Josef"]
[Result "1-0"]
[WhiteElo "2159"]
[BlackElo "1986"]
[PlyCount "91"]
[EventDate "2004.10.24"]
[EventType "team-tourn"]
[EventRounds "9"]
[EventCountry "GER"]
[SourceTitle "EXT 2020"]
[Source "ChessBase"]
[SourceDate "2019.10.17"]
[SourceVersion "1"]
[SourceVersionDate "2019.10.17"]
[SourceQuality "1"]
[WhiteTeam "Pang/Rosenheim"]
[BlackTeam "Muenchen 36"]
[WhiteTeamCountry "GER"]
[BlackTeamCountry "GER"]

1. d4 g6 2. e4 d6 3. f4 Bg7 4. c3 Nf6 5. e5 dxe5 6. fxe5 Nd5 7. Bc4 e6 8. Nf3 c6 9. 0-0 0-0 10. Qe2 a5 11. Nbd2 b5 12. Bb3 a4 13. Bc2 a3 14. Ne4 axb2 15. Bxb2 Nd7 16. a4 bxa4 17. Bxa4 Qc7 18. Bc2 Rxa1 19. Rxa1 c5 20. Ba3 f5 21. Nxc5 Re8 22. c4 Nf4 23. Qd2 Bh6 24. Qb4 Bf8 25. Qb5 Ne2+ 26. Kf1 Nxd4 27. Nxd4 Bxc5 28. Bxc5 Qxc5 29. Qxc5 Nxc5 30. Ra5 Na6 31. Ba4 Rf8 32. c5 Nb4 33. Bb3 Re8 34. c6 Rd8 35. Nxe6 Rd3 36. Nc5+ Rxb3 37. Nxb3 Nxc6 38. Rc5 Ba6+ 39. Kf2 Nb4 40. Ke3 g5 41. g3 Kf7 42. Nd4 f4+ 43. Kd2 Bf1 44. e6+ Ke7 45. Rc7+ Ke8 46. Nf5 1-0

[Event "Landesliga Sued 0304"]
[Site "Bayern"]
[Date "2004.02.15"]
[Round "6.8"]
[White "Schmid, Franz"]
[Black "Marschall, Josef"]
[Result "1-0"]
[WhiteElo "2088"]
[BlackElo "1983"]
[PlyCount "83"]
[EventDate "2003.10.12"]
[EventType "team-tourn"]
[EventRounds "9"]
[EventCountry "GER"]
[SourceTitle "EXT 2006"]
[Source "ChessBase"]
[SourceDate "2005.11.24"]
[SourceVersion "1"]
[SourceVersionDate "2005.11.24"]
[SourceQuality "1"]
[WhiteTeam "Waldkirch"]
[BlackTeam "Muenchen 36"]
[WhiteTeamCountry "GER"]
[BlackTeamCountry "GER"]

1. d4 g6 2. e4 d6 3. Nc3 Bg7 4. Be3 Nf6 5. f3 a6 6. Qd2 Nc6 7. Nge2 e5 8. 0-0-0 exd4 9. Nxd4 Nxd4 10. Bxd4 b5 11. g4 0-0 12. h4 b4 13. Nd5 Nxd5 14. exd5 a5 15. Bxg7 Kxg7 16. h5 g5 17. Qd4+ f6 18. Bd3 h6 19. f4 Kg8 20. Rde1 Bd7 21. fxg5 fxg5 22. Qe4 Rf7 23. Qg6+ Rg7 24. Qxh6 Bxg4 25. Bg6 Bf3 26. Rhg1 g4 27. Qd2 Qh4 28. Re6 Rf8 29. h6 Re7 30. Qe3 Rxe6 31. dxe6 Qe7 32. Bf7+ Rxf7 33. exf7+ Qxf7 34. Qg5+ Kh7 35. Re1 Be4 36. Rxe4 Qf1+ 37. Kd2 Qf2+ 38. Kd3 Qf1+ 39. Re2 Qf3+ 40. Qe3 Qd5+ 41. Qd4 Qf3+ 42. Kd2 1-0

[Event "Regionalliga SW 0203"]
[Site "Bayern"]
[Date "2003.03.30"]
[Round "9.8"]
[White "Marschall, Josef"]
[Black "Douglas, Timothy"]
[Result "1-0"]
[WhiteElo "2004"]
[BlackElo "2018"]
[PlyCount "89"]
[EventDate "2002.10.20"]
[EventType "team-tourn"]
[EventRounds "9"]
[EventCountry "GER"]
[SourceTitle "EXT 2004"]
[Source "ChessBase"]
[SourceDate "2003.11.25"]
[SourceVersion "1"]
[SourceVersionDate "2003.11.25"]
[SourceQuality "1"]
[WhiteTeam "Muenchen 36"]
[BlackTeam "Garching"]
[WhiteTeamCountry "GER"]
[BlackTeamCountry "GER"]

1. d4 g6 2. c4 Bg7 3. Nc3 d6 4. e4 Nf6 5. Nf3 0-0 6. Be2 e5 7. 0-0 Nc6 8. d5 Ne7 9. Nd2 Ne8 10. b4 f5 11. f3 Nf6 12. c5 h5 13. Nc4 f4 14. a4 g5 15. cxd6 cxd6 16. Nb5 Ne8 17. a5 Rf6 18. g4 fxg3 19. hxg3 Qd7 20. Bxg5 Rg6 21. Bh4 Bf6 22. Bxf6 Qh3 23. Kf2 Qxg3+ 24. Ke3 Qf4+ 25. Kd3 Nxf6 26. Rg1 Rg3 27. Rxg3+ Qxg3 28. Qg1 h4 29. Nbxd6 Ng6 30. Qc5 Nf4+ 31. Kd2 Bh3 32. Rg1 Ng2 33. Qc7 Nd7 34. Ne3 Qg7 35. Rxg2 Bxg2 36. Nxg2 h3 37. Ne3 h2 38. Ndf5 h1Q 39. Nxg7 Kxg7 40. Qxd7+ Kg8 41. Qe6+ Kf8 42. Qf6+ Kg8 43. d6 Qg1 44. Bc4+ Kh7 45. Qh4+ 1-0

[Event "Landesliga Sued 0102"]
[Site "Bayern"]
[Date "2002.04.28"]
[Round "9.8"]
[White "Klenk, Robert"]
[Black "Marschall, Josef"]
[Result "1-0"]
[WhiteElo "2025"]
[BlackElo "2040"]
[PlyCount "135"]
[EventDate "2001.10.07"]
[EventType "team-tourn"]
[EventRounds "9"]
[EventCountry "GER"]
[SourceTitle "EXT 2003"]
[Source "ChessBase"]
[SourceDate "2002.11.25"]
[SourceVersion "1"]
[SourceVersionDate "2002.11.25"]
[SourceQuality "1"]
[WhiteTeam "Bayern Muenchen II"]
[BlackTeam "Muenchen 36"]
[WhiteTeamCountry "GER"]
[BlackTeamCountry "GER"]

1. c4 Nf6 2. Nc3 g6 3. g3 Bg7 4. Bg2 d6 5. Nf3 Nc6 6. 0-0 0-0 7. d3 h6 8. a3 a6 9. Bd2 Rb8 10. Rb1 e5 11. b4 Be6 12. a4 e4 13. dxe4 Bxc4 14. b5 axb5 15. axb5 Ne7 16. Qa4 Be6 17. Nd4 Bd7 18. Nd5 Nfxd5 19. exd5 Ra8 20. Qc4 Nf5 21. Nxf5 Bxf5 22. e4 Bd7 23. Rfc1 Rc8 24. Ba5 b6 25. Bc3 f6 26. Ra1 Qe8 27. Bf1 Rf7 28. Ra7 Bg4 29. e5 h5 30. e6 Re7 31. Bd4 c5 32. Ra6 Rb8 33. Bc3 Bf5 34. Qf4 Qd8 35. h3 Kh7 36. Re1 Bh6 37. Qa4 Bg7 38. g4 hxg4 39. hxg4 Bxg4 40. Qxg4 f5 41. Qh4+ Kg8 42. Bxg7 Kxg7 43. Rea1 Qf8 44. R1a3 Qf6 45. Qxf6+ Kxf6 46. Ra7 Rbb7 47. Rxb7 Rxb7 48. Ra8 g5 49. Rf8+ Ke5 50. Rd8 Re7 51. Bc4 g4 52. Kg2 f4 53. Ba2 g3 54. fxg3 Rg7 55. Rb8 Rxg3+ 56. Kf2 Rg7 57. Rxb6 Rh7 58. Ra6 Rh2+ 59. Kf3 Rh3+ 60. Kg2 Rh7 61. Rc6 Ra7 62. Bc4 Kd4 63. Rxd6 Kxc4 64. b6 Ra2+ 65. Kf3 Kd4 66. e7 Ra3+ 67. Kxf4 Re3 68. Re6 1-0

[Event "Oberliga Bayern 0001"]
[Site "Bayern"]
[Date "2000.12.10"]
[Round "3"]
[White "Gerstner, Bernhard"]
[Black "Marschall, Josef"]
[Result "1/2-1/2"]
[WhiteElo "2085"]
[BlackElo "1950"]
[PlyCount "124"]
[EventDate "2000.10.15"]
[EventType "team-tourn"]
[EventRounds "9"]
[EventCountry "GER"]
[SourceTitle "EXT 2020"]
[Source "ChessBase"]
[SourceDate "2019.10.17"]
[SourceVersion "1"]
[SourceVersionDate "2019.10.17"]
[SourceQuality "1"]
[WhiteTeam "Ingolstadt"]
[BlackTeam "Muenchen 36"]
[WhiteTeamCountry "GER"]
[BlackTeamCountry "GER"]

1. d4 g6 2. Nf3 Bg7 3. c4 Nf6 4. Nc3 d6 5. Bg5 h6 6. Bh4 0-0 7. e3 Nbd7 8. Be2 c5 9. 0-0 a6 10. h3 Nh5 11. dxc5 Nxc5 12. Nd4 Nf6 13. Rc1 Bd7 14. Bf3 Rb8 15. Nd5 g5 16. Nxf6+ Bxf6 17. Bg3 Bg7 18. b4 Na4 19. Be4 a5 20. c5 axb4 21. c6 bxc6 22. Qxa4 c5 23. Nc6 Qe8 24. Qa6 Rc8 25. Na7 Rc7 26. a4 Bxa4 27. Ra1 Bd7 28. Ra5 b3 29. Nb5 Bxb5 30. Rxb5 c4 31. Qb6 Qc8 32. Rc1 b2 33. Rxb2 Bxb2 34. Qxb2 c3 35. Qb4 Rc4 36. Qb7 Qxb7 37. Bxb7 Rb8 38. Bd5 Rc5 39. Be4 Rb2 40. Kf1 Rd2 41. Ke1 Rb2 42. Rc2 f5 43. Bd3 Kg7 44. f4 Kf6 45. Ke2 e5 46. fxe5+ dxe5 47. e4 Rxc2+ 48. Bxc2 fxe4 49. Be1 Rc4 50. g4 Ke7 51. Ke3 Kd6 52. Ke2 Kc5 53. Bf2+ Kb4 54. Be3 Ka3 55. Bc1+ Ka2 56. Ke3 Ka1 57. Ke2 Rb4 58. Ke3 Rd4 59. Ke2 Ka2 60. Ke3 Rb4 61. Ke2 e3 62. Kxe3 h5 1/2-1/2

[Event "Bayern-chI Bank Hofmann 4th"]
[Site "Bad Wiessee"]
[Date "2000.11.05"]
[Round "9"]
[White "Marschall, Josef"]
[Black "Kragelj, Igor"]
[Result "1/2-1/2"]
[WhiteElo "2085"]
[BlackElo "2255"]
[PlyCount "82"]
[EventDate "2000.10.28"]
[EventType "swiss"]
[EventRounds "9"]
[EventCountry "GER"]
[SourceTitle "EXT 2003"]
[Source "ChessBase"]
[SourceDate "2002.11.25"]
[SourceVersion "1"]
[SourceVersionDate "2002.11.25"]
[SourceQuality "1"]

1. d4 Nf6 2. c4 e6 3. Nc3 Bb4 4. Qc2 c5 5. dxc5 0-0 6. a3 Bxc5 7. Nf3 b6 8. Bg5 Bb7 9. e3 Be7 10. Be2 h6 11. Bh4 d6 12. 0-0 Nh5 13. Bxe7 Qxe7 14. Rfd1 Rd8 15. Rac1 Nf6 16. Nd4 Nc6 17. b4 Rac8 18. Qb3 a6 19. h3 Qc7 20. Bf1 Ne7 21. Qb1 Qb8 22. Qa2 Kh8 23. f3 Kg8 24. Qf2 Qa7 25. Bd3 Rc7 26. Qg3 Qb8 27. Nce2 Qc8 28. Nb3 Kh8 29. Qh4 Nc6 30. f4 Nb8 31. Ng3 Nbd7 32. Nh5 Nxh5 33. Qxh5 Nf6 34. Qe2 Qa8 35. Nd2 a5 36. e4 axb4 37. axb4 Qa3 38. Rb1 Rcc8 39. Kh2 Ra8 40. Rb3 Qa2 41. Rdb1 Bc6 1/2-1/2

[Event "Oberliga Bayern 0001"]
[Site "Bayern"]
[Date "2000.10.15"]
[Round "1"]
[White "Marschall, Josef"]
[Black "Krauss, Hermann"]
[Result "0-1"]
[WhiteElo "1950"]
[BlackElo "2025"]
[PlyCount "134"]
[EventDate "2000.10.15"]
[EventType "team-tourn"]
[EventRounds "9"]
[EventCountry "GER"]
[SourceTitle "EXT 2020"]
[Source "ChessBase"]
[SourceDate "2019.10.17"]
[SourceVersion "1"]
[SourceVersionDate "2019.10.17"]
[SourceQuality "1"]
[WhiteTeam "Muenchen 36"]
[BlackTeam "Nuernberg Noris Tarrasch"]
[WhiteTeamCountry "GER"]
[BlackTeamCountry "GER"]

1. d4 Nf6 2. c4 c5 3. d5 e5 4. Nc3 d6 5. e4 Be7 6. f4 Ng4 7. Nf3 Nd7 8. Bd3 Bf6 9. 0-0 exf4 10. Bxf4 Nge5 11. Kh1 0-0 12. Rc1 Qe7 13. Be2 a6 14. a3 Nxf3 15. gxf3 Bg5 16. Bxg5 Qxg5 17. f4 Qh4 18. Qe1 Qxe1 19. Rcxe1 Re8 20. Bd3 f6 21. Rg1 Nf8 22. Kg2 Ng6 23. Kg3 Bd7 24. h4 Re7 25. h5 Nh8 26. Kf3 Nf7 27. Re2 Nh6 28. Reg2 Kh8 29. b4 cxb4 30. axb4 Rc8 31. Rc2 Be8 32. Rh1 Rec7 33. e5 fxe5 34. fxe5 b5 35. e6 bxc4 36. Be4 Rb8 37. Rb2 Rcb7 38. Ke3 Rxb4 39. Rxb4 Rxb4 40. Kd4 Ng4 41. Rf1 Kg8 42. e7 Nf6 43. h6 Rb7 44. hxg7 Kxg7 45. Ra1 Bb5 46. Bf5 Rxe7 47. Be6 h5 48. Rg1+ Kh6 49. Rf1 Ng4 50. Rf8 Bd7 51. Rh8+ Kg6 52. Rg8+ Kh7 53. Rg5 Kh6 54. Rg8 Bxe6 55. dxe6 Rxe6 56. Rh8+ Kg6 57. Kxc4 Ne3+ 58. Kd4 Nf5+ 59. Kd3 Re3+ 60. Kd2 Re5 61. Kd3 d5 62. Ra8 h4 63. Rxa6+ Kg5 64. Ra5 h3 65. Ra2 Re3+ 66. Kd2 h2 67. Ra1 Rh3 0-1

[Event "BL2-Sued 9899"]
[Site "Germany"]
[Date "1999.04.18"]
[Round "9.8"]
[White "Hiermann, Dietmar"]
[Black "Marschall, Josef"]
[Result "1-0"]
[WhiteElo "2269"]
[BlackElo "2092"]
[PlyCount "77"]
[EventDate "1998.10.18"]
[EventType "team-tourn"]
[EventRounds "9"]
[EventCountry "GER"]
[SourceTitle "GER-chT2"]
[Source "ChessBase"]
[SourceDate "1999.07.01"]
[SourceVersion "1"]
[SourceVersionDate "1999.07.01"]
[SourceQuality "1"]
[WhiteTeam "Passau II"]
[BlackTeam "Muenchen 36"]
[WhiteTeamCountry "GER"]
[BlackTeamCountry "GER"]

1. e4 c5 2. Nc3 e6 3. f4 a6 4. Nf3 d6 5. b3 Nf6 6. Bb2 Be7 7. Bd3 Nc6 8. a3 Qc7 9. 0-0 0-0 10. Qe1 b5 11. e5 Nh5 12. exd6 Qxd6 13. Ne4 Qc7 14. Ne5 Nd4 15. Ng5 g6 16. Be4 Bb7 17. Ngf3 Rad8 18. Nxd4 cxd4 19. Bxb7 Qxb7 20. Qf2 Rd5 21. Bxd4 Rc8 22. c3 a5 23. Ng4 Bf8 24. Ne3 Rd7 25. g4 Ng7 26. f5 Qe4 27. Qg2 Qd3 28. Rf3 Rxd4 29. cxd4 Qxd4 30. Raf1 exf5 31. gxf5 Rc7 32. fxg6 hxg6 33. Rf4 Qb6 34. Kh1 Nh5 35. Rf5 Qb7 36. Nd5 Kh7 37. Rxh5+ gxh5 38. Rg1 Re7 39. Qg8+ 1-0

[Event "BL2-Sued 9899"]
[Site "Germany"]
[Date "1999.01.10"]
[Round "4.8"]
[White "Marschall, Josef"]
[Black "Schneider, Bernd2"]
[Result "1/2-1/2"]
[WhiteElo "2092"]
[BlackElo "2197"]
[PlyCount "62"]
[EventDate "1998.10.18"]
[EventType "team-tourn"]
[EventRounds "9"]
[EventCountry "GER"]
[SourceTitle "GER-chT2"]
[Source "ChessBase"]
[SourceDate "1999.07.01"]
[SourceVersion "1"]
[SourceVersionDate "1999.07.01"]
[SourceQuality "1"]
[WhiteTeam "Muenchen 36"]
[BlackTeam "Eppingen"]
[WhiteTeamCountry "GER"]
[BlackTeamCountry "GER"]

1. d4 Nf6 2. c4 c5 3. d5 b5 4. Qc2 bxc4 5. e4 d6 6. Bxc4 g6 7. Nf3 Bg7 8. 0-0 0-0 9. Nc3 Ba6 10. Be2 Nfd7 11. Bf4 h6 12. h3 Bxe2 13. Qxe2 Qb6 14. Rab1 f6 15. Be3 Qa6 16. Qc2 Ne5 17. Nxe5 fxe5 18. b4 cxb4 19. Rxb4 Nd7 20. Ra4 Qc8 21. Rxa7 Rxa7 22. Bxa7 Nf6 23. Rc1 Qc4 24. f3 Ra8 25. Qf2 Nh5 26. Qb6 Nf4 27. Qb7 Rf8 28. Kh2 Nd3 29. Rc2 Ne1 30. Rc1 Nd3 31. Rc2 Ne1 1/2-1/2

[Event "Klatovy op-A"]
[Site "Klatovy"]
[Date "1999.??.??"]
[Round "3"]
[White "Spal, Milan"]
[Black "Marschall, Josef"]
[Result "1/2-1/2"]
[WhiteElo "2219"]
[BlackElo "2092"]
[PlyCount "81"]
[EventDate "1999.??.??"]
[EventType "swiss"]
[EventRounds "9"]
[EventCountry "CZE"]
[SourceTitle "EXT 2000"]
[Source "ChessBase"]
[SourceDate "1999.11.16"]
[SourceVersion "1"]
[SourceVersionDate "1999.11.16"]
[SourceQuality "1"]

1. e4 c5 2. Nc3 e6 3. f4 a6 4. g3 d6 5. Bg2 Nf6 6. Nf3 Be7 7. d3 Qc7 8. 0-0 Nc6 9. h3 b5 10. g4 Bb7 11. f5 b4 12. Ne2 exf5 13. exf5 h6 14. Bf4 0-0-0 15. Qd2 Nd5 16. Bg3 Ne5 17. Nf4 Nxf3+ 18. Bxf3 Bg5 19. a3 Rhe8 20. h4 Nxf4 21. Bxf4 Bxf4 22. Qxf4 d5 23. Qxc7+ Kxc7 24. axb4 c4 25. Rad1 Kb6 26. dxc4 dxc4 27. Bxb7 Kxb7 28. Kf2 Kc6 29. c3 Kb5 30. Rxd8 Rxd8 31. Ra1 Rd2+ 32. Kf3 Rxb2 33. Ra5+ Kb6 34. Rc5 a5 35. Rxa5 Rb3 36. Rc5 Rxc3+ 37. Ke4 Rg3 38. Rxc4 Rxg4+ 39. Kd5 Rxc4 40. Kxc4 g5 41. fxg6 1/2-1/2

[Event "Regionalliga SW 9798"]
[Site "Bayern"]
[Date "1998.??.??"]
[Round "?.2"]
[White "Baeurle, Stefan"]
[Black "Marschall, Josef"]
[Result "1/2-1/2"]
[WhiteElo "1975"]
[BlackElo "2085"]
[PlyCount "81"]
[EventDate "1997.10.??"]
[EventType "team-tourn"]
[EventRounds "9"]
[EventCountry "GER"]
[SourceTitle "EXT 2020"]
[Source "ChessBase"]
[SourceDate "2019.10.17"]
[SourceVersion "1"]
[SourceVersionDate "2019.10.17"]
[SourceQuality "1"]
[WhiteTeam "Augsburg SG 1873"]
[BlackTeam "Muenchen 36 II"]
[WhiteTeamCountry "GER"]
[BlackTeamCountry "GER"]

1. Nf3 Nf6 2. c4 g6 3. Nc3 Bg7 4. e4 d6 5. d4 0-0 6. h3 h6 7. Be3 c5 8. d5 a6 9. a4 b6 10. Bd3 e6 11. dxe6 Bxe6 12. 0-0 Nc6 13. Nd5 Nd7 14. Qd2 Bxd5 15. exd5 Nce5 16. Nxe5 Nxe5 17. Rad1 Qh4 18. b3 Rae8 19. Bc2 f5 20. f4 Nd7 21. Bf2 Qd8 22. Rfe1 Nf6 23. Re6 Rf7 24. Bh4 Ref8 25. Qe2 Qd7 26. Bxf6 Bxf6 27. Kh2 Kg7 28. Qe3 Re7 29. Rxe7+ Qxe7 30. Qxe7+ Bxe7 31. Re1 Kf7 32. Re6 h5 33. g3 Rd8 34. Kg2 Bf8 35. Kf3 Bg7 36. h4 Bd4 37. Bd3 Re8 38. Rxe8 Kxe8 39. Be2 Kd7 40. Bd3 Ke7 41. Be2 1/2-1/2

[Event "Regionalliga SW 9798"]
[Site "Bayern"]
[Date "1998.??.??"]
[Round "?.4"]
[White "Marschall, Josef"]
[Black "Kowarsch, Heinrich"]
[Result "1-0"]
[WhiteElo "2085"]
[BlackElo "2040"]
[PlyCount "99"]
[EventDate "1997.10.??"]
[EventType "team-tourn"]
[EventRounds "9"]
[EventCountry "GER"]
[SourceTitle "EXT 2020"]
[Source "ChessBase"]
[SourceDate "2019.10.17"]
[SourceVersion "1"]
[SourceVersionDate "2019.10.17"]
[SourceQuality "1"]
[WhiteTeam "Muenchen 36 II"]
[BlackTeam "Tuerkheim"]
[WhiteTeamCountry "GER"]
[BlackTeamCountry "GER"]

1. d4 Nf6 2. c4 e6 3. Nf3 d5 4. Nc3 c6 5. e3 Nbd7 6. Bd3 Bd6 7. 0-0 0-0 8. Re1 Re8 9. e4 dxe4 10. Nxe4 Nxe4 11. Rxe4 f5 12. Re1 Nf6 13. Qc2 Rf8 14. Bd2 Qc7 15. h3 a5 16. a3 Bd7 17. Ne5 b6 18. Rac1 Rae8 19. Qd1 Bc8 20. Qa4 c5 21. Bc3 Bb7 22. dxc5 Bxc5 23. b4 axb4 24. axb4 Be7 25. Qb3 Ne4 26. c5 Bd5 27. Bc4 Bxc4 28. Qxc4 Bf6 29. f3 Nxc3 30. Qxc3 bxc5 31. bxc5 Rd8 32. f4 Rd5 33. c6 Rc8 34. Kh1 g6 35. Re2 Kg7 36. h4 Qd6 37. Ree1 Rc7 38. h5 g5 39. h6+ Kxh6 40. Ng4+ fxg4 41. Qxf6+ Kh5 42. fxg5 g3 43. Qh6+ Kg4 44. Rc4+ Rd4 45. Rxd4+ Qxd4 46. Qxe6+ Kh5 47. Qh6+ Kg4 48. Qh3+ Kxg5 49. Qxg3+ Kf5 50. Rf1+ 1-0

[Event "Bayern-chI Bank Hofmann 1st"]
[Site "Bad Wiessee"]
[Date "1997.11.20"]
[Round "5"]
[White "Naiditsch, Arkadij"]
[Black "Marschall, Josef"]
[Result "1-0"]
[WhiteElo "2175"]
[BlackElo "2110"]
[PlyCount "97"]
[EventDate "1997.11.15"]
[EventType "swiss"]
[EventRounds "9"]
[EventCountry "GER"]
[SourceTitle "CBM 061 Extra"]
[Source "ChessBase"]
[SourceDate "1998.03.09"]
[SourceVersion "1"]
[SourceVersionDate "1998.03.09"]
[SourceQuality "1"]

1. e4 c5 2. Nf3 e6 3. d3 d6 4. g3 Nf6 5. Bg2 Be7 6. 0-0 0-0 7. c4 Nc6 8. Nc3 a6 9. d4 cxd4 10. Nxd4 Bd7 11. Nde2 Rc8 12. b3 Qa5 13. Bd2 Qc7 14. h3 Rfd8 15. Kh1 Ne5 16. f4 Ng6 17. a4 Bc6 18. Be3 b6 19. Nd4 Bb7 20. f5 Nf8 21. g4 d5 22. fxe6 fxe6 23. exd5 exd5 24. Nxd5 Nxd5 25. cxd5 Rxd5 26. Qf3 Bf6 27. Rac1 Qd7 28. g5 Rxc1 29. Bxc1 Rxd4 30. Qxb7 Qxb7 31. Bxb7 Be7 32. Bxa6 Ng6 33. Bc4+ Kh8 34. Be3 Rh4 35. Kg2 Re4 36. Bxb6 Bxg5 37. a5 Nf4+ 38. Rxf4 Rxf4 39. a6 Rf8 40. a7 Bd2 41. Bd5 Bb4 42. a8Q Rxa8 43. Bxa8 Kg8 44. Kf3 Kf7 45. Ke4 Ke6 46. Kd4 g5 47. Bc5 Be1 48. b4 Kf5 49. Be4+ 1-0

[Event "Regionalliga SW 9697"]
[Site "Bayern"]
[Date "1997.??.??"]
[Round "?"]
[White "Daurer, Walter"]
[Black "Marschall, Josef"]
[Result "0-1"]
[WhiteElo "2075"]
[BlackElo "2085"]
[PlyCount "102"]
[EventDate "1996.10.??"]
[EventType "team-tourn"]
[EventRounds "9"]
[EventCountry "GER"]
[SourceTitle "EXT 1999"]
[Source "ChessBase"]
[SourceDate "1998.11.16"]
[SourceVersion "1"]
[SourceVersionDate "1998.11.16"]
[SourceQuality "1"]
[WhiteTeam "Kriegshaber SK"]
[BlackTeam "Muenchen 36 II"]
[WhiteTeamCountry "GER"]
[BlackTeamCountry "GER"]

1. e4 c5 2. Nf3 e6 3. d4 cxd4 4. Nxd4 Nf6 5. Nc3 d6 6. Be2 a6 7. a4 b6 8. 0-0 Bb7 9. Bd3 Nbd7 10. Kh1 Qc7 11. f4 Be7 12. Qe2 0-0 13. Bd2 Rfe8 14. Rae1 Bf8 15. e5 Nd5 16. Nxd5 Bxd5 17. Bxa6 dxe5 18. fxe5 Rxa6 19. Qxa6 Bc4 20. Nb5 Qc6 21. Rf4 Bd5 22. Nd4 Bxg2+ 23. Kg1 Bc5 24. c3 Bh3 25. Rf2 Ra8 26. Qd3 Bxd4 27. cxd4 Bf5 28. Qb5 Qb7 29. a5 g6 30. axb6 Nxb6 31. Bh6 Qa7 32. Rc1 f6 33. exf6 Nd5 34. Qc5 Nxf6 35. Qxa7 Rxa7 36. Rf3 Rb7 37. Rfc3 Nd5 38. Rc8+ Kf7 39. Ra1 g5 40. Bxg5 Rxb2 41. Rca8 Kg6 42. Bc1 Re2 43. R8a2 Re4 44. Rg2+ Kh5 45. Bb2 Nf4 46. Rd2 Kh4 47. Kf1 Bh3+ 48. Kf2 Bg4 49. Kf1 Be2+ 50. Kf2 Nh3+ 51. Ke1 Bc4+ 0-1

[Event "Regionalliga SW 9798"]
[Site "Bayern"]
[Date "1997.??.??"]
[Round "?.3"]
[White "Marschall, Josef"]
[Black "Schlinkmeier, Karsten"]
[Result "1-0"]
[WhiteElo "2085"]
[BlackElo "1904"]
[PlyCount "83"]
[EventDate "1997.10.??"]
[EventType "team-tourn"]
[EventRounds "9"]
[EventCountry "GER"]
[SourceTitle "EXT 2020"]
[Source "ChessBase"]
[SourceDate "2019.10.17"]
[SourceVersion "1"]
[SourceVersionDate "2019.10.17"]
[SourceQuality "1"]
[WhiteTeam "Muenchen 36 II"]
[BlackTeam "Garching"]
[WhiteTeamCountry "GER"]
[BlackTeamCountry "GER"]

1. d4 Nf6 2. c4 c6 3. Nc3 d5 4. Nf3 dxc4 5. a4 Bg4 6. Ne5 Bh5 7. Nxc4 e6 8. Qb3 Na6 9. Bf4 Nb4 10. e3 Be7 11. f3 Bg6 12. e4 a5 13. Rd1 h6 14. Be2 0-0 15. 0-0 Nfd5 16. Bg3 Bh7 17. Rd2 Nb6 18. Ne5 Bd6 19. Rfd1 Qc7 20. Rc1 Qe7 21. Bf2 Rfd8 22. Rcd1 Qc7 23. f4 Nd7 24. Bh4 Re8 25. Bh5 Rf8 26. Nxf7 Bxf4 27. Qxe6 Be3+ 28. Kh1 Bxd2 29. Ne5+ Kh8 30. Nxd7 Bg8 31. Qh3 Rfe8 32. Bxe8 Rxe8 33. Ne5 Be6 34. Qg3 Bxc3 35. Ng6+ Kh7 36. Qxc7 Bg4 37. bxc3 Bxd1 38. cxb4 axb4 39. Bf6 Kxg6 40. Qxg7+ Kh5 41. g4+ Bxg4 42. Qf7# 1-0

[Event "Landesliga Sued 9596"]
[Site "Bayern"]
[Date "1996.02.25"]
[Round "6"]
[White "Marschall, Josef"]
[Black "Wuerdinger, Alexander"]
[Result "1/2-1/2"]
[WhiteElo "2090"]
[BlackElo "2205"]
[PlyCount "104"]
[EventDate "1995.10.15"]
[EventType "team-tourn"]
[EventRounds "9"]
[EventCountry "GER"]
[SourceTitle "EXT 2020"]
[Source "ChessBase"]
[SourceDate "2019.10.17"]
[SourceVersion "1"]
[SourceVersionDate "2019.10.17"]
[SourceQuality "1"]
[WhiteTeam "Muenchen 36 II"]
[BlackTeam "Graefelfing SK"]
[WhiteTeamCountry "GER"]
[BlackTeamCountry "GER"]

1. d4 Nf6 2. c4 g6 3. Nc3 d5 4. cxd5 Nxd5 5. e4 Nxc3 6. bxc3 Bg7 7. Nf3 0-0 8. Be2 c5 9. Rb1 Qc7 10. 0-0 Bg4 11. Be3 Nc6 12. Qa4 Rfd8 13. Rfd1 Rac8 14. d5 Na5 15. c4 b6 16. Qc2 Nb7 17. Ne1 Bxe2 18. Qxe2 Nd6 19. f3 Qd7 20. Qc2 b5 21. cxb5 Nxb5 22. Rb3 c4 23. Rb4 Nc3 24. Rd2 a5 25. Rb6 Na4 26. Rc6 c3 27. Rd3 Nb2 28. Rdxc3 Bxc3 29. Rxc3 Rxc3 30. Qxc3 Nd1 31. Qd2 Nxe3 32. Qxe3 Qa4 33. Qb6 Rc8 34. Kf2 Qxa2+ 35. Kg3 Qd2 36. Qb1 Qg5+ 37. Kf2 Rc1 38. Qb8+ Kg7 39. Qb2+ Kh6 40. g3 Rc8 41. Nd3 Qf6 42. e5 Qa6 43. Qd4 Rc2+ 44. Ke3 Rxh2 45. d6 exd6 46. exd6 Rh5 47. g4 Rb5 48. Ne5 Rxe5+ 49. Qxe5 Qb6+ 50. Kf4 f5 51. Qe7 Qd4+ 52. Kg3 Qg1+ 1/2-1/2